[Event "American Continental (Women)"]
[Site "Cuenca"]
[Date "2022.12.08"]
[Round "5"]
[White "Vasquez Jaen, Lourdes Lorena"]
[Black "Quezada Pauker, Katheen Gabriela"]
[Result "1-0"]
[WhiteElo "1634"]
[BlackElo "1555"]
[PlyCount "57"]
[EventDate "2022.12.05"]
[EventType "swiss"]
[EventRounds "9"]
[EventCountry "ECU"]
[SourceTitle "CBM 211 Extra"]
[Source "ChessBase"]
[SourceDate "2023.01.31"]
[SourceVersion "1"]
[SourceVersionDate "2023.01.31"]
[SourceQuality "1"]

1. e4 c5 2. Nf3 Nc6 3. d3 g6 4. g3 Bg7 5. Bg2 e6 6. 0-0 Nge7 7. Nbd2 d6 8. c3 0-0 9. Re1 b5 10. Nf1 Rb8 11. d4 cxd4 12. cxd4 d5 13. e5 Qb6 14. g4 f6 15. Be3 fxe5 16. dxe5 Qc7 17. Rc1 Qa5 18. Bc5 Qxa2 19. b3 Qa6 20. h4 Rf4 21. Qd2 Rxg4 22. N1h2 Re4 23. Rxe4 dxe4 24. Ng5 Nd5 25. Bxe4 Bxe5 26. Bxd5 exd5 27. Qxd5+ Kh8 28. Qf7 Bg7 29. Qe8+ 1-0

[Event "American Continental (Women)"]
[Site "Cuenca"]
[Date "2022.12.07"]
[Round "4"]
[White "Quezada Pauker, Katheen Gabriela"]
[Black "Campos, Maria Jose"]
[Result "0-1"]
[WhiteElo "1555"]
[BlackElo "2235"]
[PlyCount "210"]
[EventDate "2022.12.05"]
[EventType "swiss"]
[EventRounds "9"]
[EventCountry "ECU"]
[SourceTitle "CBM 211 Extra"]
[Source "ChessBase"]
[SourceDate "2023.01.31"]
[SourceVersion "1"]
[SourceVersionDate "2023.01.31"]
[SourceQuality "1"]

1. d4 Nf6 2. Bg5 e6 3. e4 h6 4. Bxf6 Qxf6 5. Nc3 d6 6. Bc4 a6 7. Nge2 b5 8. Bd3 c5 9. e5 Qg5 10. exd6 Bxd6 11. Ne4 Qe7 12. dxc5 Bxc5 13. Nxc5 Qxc5 14. Be4 Qb4+ 15. Nc3 Ra7 16. Rb1 0-0 17. 0-0 Nd7 18. Qe2 Nf6 19. Bf3 Bb7 20. Qe3 Bxf3 21. Qxf3 Rc7 22. a3 Qc5 23. Qe2 Rb8 24. Rfd1 a5 25. Rd2 Qf5 26. Re1 b4 27. axb4 Rxb4 28. Nd1 Nd5 29. c3 Rb8 30. Ne3 Nxe3 31. Qxe3 a4 32. Qd4 Rcb7 33. Qxa4 Rxb2 34. Rxb2 Rxb2 35. Qd4 Rc2 36. h3 Qa5 37. Rb1 Qxc3 38. Qxc3 Rxc3 39. Rb7 g5 40. g3 Kg7 41. Kg2 Kg6 42. Rb6 h5 43. Rb8 Rc4 44. Rg8+ Kf6 45. Rh8 h4 46. g4 Ke5 47. Rg8 Kf4 48. Ra8 Rd4 49. Ra3 f6 50. Re3 Re4 51. Rb3 Re1 52. Rf3+ Ke5 53. Ra3 Re4 54. Ra5+ Kf4 55. Ra3 Rd4 56. Rf3+ Ke5 57. Re3+ Kf4 58. Rf3+ Ke5 59. Re3+ Kd6 60. Rf3 Ke7 61. Ra3 e5 62. Ra7+ Ke6 63. Ra6+ Rd6 64. Ra4 Rc6 65. Rb4 Kd5 66. Rb5+ Kc4 67. Ra5 e4 68. Ra3 Rd6 69. Ra4+ Kd5 70. Ra5+ Ke6 71. Ra4 Ke5 72. Ra5+ Rd5 73. Ra8 f5 74. gxf5 Kxf5 75. Rf8+ Ke5 76. Re8+ Kf4 77. Rf8+ Rf5 78. Re8 Rf7 79. Re6 Kf5 80. Re8 Kf4 81. Re6 Rf8 82. Re7 Kf5 83. Kg1 Rf6 84. Kg2 Rg6 85. Rf7+ Ke6 86. Ra7 Rg8 87. Ra6+ Ke5 88. Ra5+ Kf4 89. Ra7 g4 90. Rf7+ Ke5 91. hxg4 Rxg4+ 92. Kf1 Rf4 93. Rh7 Kf5 94. Kg2 Ke5 95. Re7+ Kd4 96. Rd7+ Kc3 97. Rd8 h3+ 98. Kxh3 Rxf2 99. Kg3 e3 100. Rd7 Rf6 101. Re7 Kd2 102. Rd7+ Ke1 103. Rd8 e2 104. Kg2 Rg6+ 105. Kf3 Kf1 0-1

[Event "ECU-ch Schools U13 Girls Clas1"]
[Site "Chess.com INT"]
[Date "2020.11.18"]
[Round "9"]
[White "Quezada Pauker, Katheen Gabriela"]
[Black "Echeverria, Maria Cristina"]
[Result "1-0"]
[WhiteElo "1498"]
[BlackElo "1155"]
[PlyCount "61"]
[EventDate "2020.11.18"]
[EventType "swiss"]
[EventRounds "9"]
[EventCountry "ECU"]
[SourceTitle "CBM 199 Extra"]
[Source "ChessBase"]
[SourceDate "2021.01.31"]
[SourceVersion "1"]
[SourceVersionDate "2021.01.31"]
[SourceQuality "1"]

1. d4 Nf6 2. Bg5 e6 3. e4 Be7 4. e5 Nd5 5. Bxe7 Nxe7 6. Qd2 d6 7. exd6 cxd6 8. Nc3 Nbc6 9. f4 b6 10. Nf3 Bb7 11. Be2 Rc8 12. 0-0-0 0-0 13. g4 Nb4 14. Kb1 Nbd5 15. Nxd5 Bxd5 16. h4 Qd7 17. h5 Qa4 18. a3 Be4 19. Rc1 Rc7 20. Rh3 Rfc8 21. Bd3 Bxd3 22. Qxd3 Nd5 23. Ng5 h6 24. Qh7+ Kf8 25. Qh8+ Ke7 26. Qxg7 hxg5 27. Qxg5+ Kd7 28. Rh2 Ne7 29. Qf6 Qc4 30. Qxf7 Qxd4 31. f5 1-0

[Event "ECU-ch Schools U15 Clas2"]
[Site "Chess.com INT"]
[Date "2020.11.07"]
[Round "2"]
[White "Quezada Pauker, Katheen Gabriela"]
[Black "Cando Tulcan, Pavel Erick"]
[Result "1-0"]
[WhiteElo "1498"]
[BlackElo "1246"]
[PlyCount "51"]
[EventDate "2020.11.07"]
[EventType "swiss"]
[EventRounds "9"]
[EventCountry "ECU"]
[SourceTitle "EXT 2022"]
[Source "ChessBase"]
[SourceDate "2021.10.06"]
[SourceVersion "1"]
[SourceVersionDate "2021.10.06"]
[SourceQuality "1"]

1. d4 d5 2. Bg5 h6 3. Bh4 g5 4. Bg3 Bg7 5. e3 c6 6. Nc3 f5 7. Qh5+ Kd7 8. h4 e6 9. 0-0-0 g4 10. Qf7+ Qe7 11. Qxe7+ Nxe7 12. f3 h5 13. fxg4 fxg4 14. Nge2 b5 15. Nf4 a5 16. Bd3 Bh6 17. Nce2 Na6 18. Kb1 Rg8 19. Nxh5 Kd8 20. Bf4 Bxf4 21. Nhxf4 Nb4 22. h5 Nxd3 23. Nxd3 Nf5 24. Nef4 Nxe3 25. Rde1 Nxg2 26. Nxg2 1-0

[Event "ECU-ch Schools U15 Clas2"]
[Site "Chess.com INT"]
[Date "2020.11.07"]
[Round "9"]
[White "Quezada Pauker, Katheen Gabriela"]
[Black "Loja Zambrano, Diego Sebastian"]
[Result "0-1"]
[WhiteElo "1498"]
[BlackElo "1596"]
[PlyCount "162"]
[EventDate "2020.11.07"]
[EventType "swiss"]
[EventRounds "9"]
[EventCountry "ECU"]
[SourceTitle "EXT 2022"]
[Source "ChessBase"]
[SourceDate "2021.10.06"]
[SourceVersion "1"]
[SourceVersionDate "2021.10.06"]
[SourceQuality "1"]

1. d4 Nf6 2. Bg5 d6 3. Bxf6 gxf6 4. e4 c5 5. dxc5 dxc5 6. Qxd8+ Kxd8 7. Nc3 e6 8. 0-0-0+ Ke7 9. Nf3 a6 10. a4 b6 11. Bd3 Bb7 12. Rhe1 Rg8 13. g3 Nd7 14. Nh4 Ne5 15. f4 Nxd3+ 16. Rxd3 Bh6 17. Red1 Rad8 18. Kb1 Bc6 19. b3 b5 20. Rxd8 Rxd8 21. Rxd8 Kxd8 22. axb5 axb5 23. Kc1 b4 24. Na4 Bxe4 25. Nxc5 Bd5 26. Nd3 Bf8 27. Kd2 Kc7 28. Ke3 Bd6 29. Nf3 Kb6 30. Nd4 Bb7 31. Ne2 h6 32. Nd4 Ba6 33. Nf3 Be7 34. Nd4 Bb7 35. Nf3 Ka5 36. Nd4 Bd5 37. Nf3 Bd8 38. Ke2 Bb6 39. Nd2 Kb5 40. Nf3 Be4 41. Nd2 Bc6 42. Nf3 Bb7 43. Nd2 Ba6 44. Nf3 Kc6 45. Kd2 Kb5 46. Ke2 Ka5 47. Kd2 Bb5 48. Nfe1 Bc6 49. Ke2 Bg1 50. h3 Bb6 51. Nf3 Be4 52. Nd2 Bd5 53. Nf2 Kb5 54. Nd3 Bd4 55. Nf3 Bc3 56. Nd2 Bc6 57. Nf3 Bb2 58. Nd2 Bc3 59. Nc4 Bd5 60. Ne3 Kc6 61. Ng4 h5 62. Ne3 Kd6 63. Nxd5 Kxd5 64. Kf3 Kd4 65. Ke2 Ke4 66. Nf2+ Kf5 67. Kd3 e5 68. fxe5 fxe5 69. Ne4 f6 70. Nxc3 bxc3 71. Kxc3 Ke4 72. b4 Kf3 73. b5 e4 74. b6 e3 75. b7 e2 76. b8Q e1Q+ 77. Kd3 Qe4+ 78. Kd2 Qe3+ 79. Kd1 Kg2 80. Qb7+ Kh2 81. Qb3 Qxg3 0-1

[Event "ECU-ch (Women)"]
[Site "Banos de Agua Santa"]
[Date "2020.03.14"]
[Round "8"]
[White "Quezada Pauker, Katheen Gabriela"]
[Black "Miranda Vargas, Analia Karen"]
[Result "1/2-1/2"]
[WhiteElo "1542"]
[BlackElo "1534"]
[PlyCount "27"]
[EventDate "2020.03.10"]
[EventType "swiss"]
[EventRounds "9"]
[EventCountry "ECU"]
[SourceTitle "CBM 195 Extra"]
[Source "ChessBase"]
[SourceDate "2020.05.31"]
[SourceVersion "1"]
[SourceVersionDate "2020.05.31"]
[SourceQuality "1"]

1. Nf3 d5 2. c4 e6 3. b3 Nf6 4. Bb2 Be7 5. e3 0-0 6. Be2 c5 7. cxd5 Nxd5 8. 0-0 Nc6 9. Nc3 a6 10. d4 Nf6 11. dxc5 Bxc5 12. Rc1 Be7 13. a3 Bd7 14. Na4 1/2-1/2

[Event "ECU-ch U20 Girls"]
[Site "Guayaquil"]
[Date "2020.02.19"]
[Round "1"]
[White "Quezada Pauker, Katheen Gabriela"]
[Black "Buenano Silva, Antonella Salome"]
[Result "1/2-1/2"]
[WhiteElo "1543"]
[BlackElo "1176"]
[PlyCount "33"]
[EventDate "2020.02.19"]
[EventType "swiss"]
[EventRounds "9"]
[EventCountry "ECU"]
[SourceTitle "CBM 195 Extra"]
[Source "ChessBase"]
[SourceDate "2020.05.31"]
[SourceVersion "1"]
[SourceVersionDate "2020.05.31"]
[SourceQuality "1"]

1. d4 d5 2. Bg5 g6 3. Nf3 Bg7 4. e3 Nf6 5. Nbd2 0-0 6. Be2 Bf5 7. 0-0 Nbd7 8. c4 Nb6 9. Rc1 c6 10. Qb3 Qd7 11. Ne5 Qc7 12. Bf3 Ne4 13. Bxe4 Bxe4 14. Bf4 Bxe5 15. Bxe5 Qd7 16. Nxe4 dxe4 17. Qc2 1/2-1/2

[Event "ECU-ch U20 Girls"]
[Site "Guayaquil"]
[Date "2020.02.19"]
[Round "2"]
[White "Sanchez Gonzalez, Eliana Valenti"]
[Black "Quezada Pauker, Katheen Gabriela"]
[Result "0-1"]
[WhiteElo "1399"]
[BlackElo "1543"]
[PlyCount "22"]
[EventDate "2020.02.19"]
[EventType "swiss"]
[EventRounds "9"]
[EventCountry "ECU"]
[SourceTitle "CBM 195 Extra"]
[Source "ChessBase"]
[SourceDate "2020.05.31"]
[SourceVersion "1"]
[SourceVersionDate "2020.05.31"]
[SourceQuality "1"]

1. e4 c5 2. Nf3 Nc6 3. c3 Qa5 4. Bc4 b5 5. Be2 g6 6. 0-0 Bg7 7. Na3 a6 8. Nc2 d6 9. d4 cxd4 10. Nfxd4 Bb7 11. Nxc6 Bxc6 0-1

[Event "Pan American-ch U12 Girls"]
[Site "Guayaquil"]
[Date "2019.07.27"]
[Round "9"]
[White "Quezada Pauker, Katheen Gabriela"]
[Black "Hernandez, Sofia"]
[Result "1-0"]
[WhiteElo "1422"]
[BlackElo "1423"]
[PlyCount "37"]
[EventDate "2019.07.21"]
[EventType "swiss"]
[EventRounds "9"]
[EventCountry "ECU"]
[SourceTitle "EXT 2020"]
[Source "ChessBase"]
[SourceDate "2019.10.17"]
[SourceVersion "1"]
[SourceVersionDate "2019.10.17"]
[SourceQuality "1"]

1. d4 d5 2. Bg5 Nf6 3. Bxf6 gxf6 4. e3 e5 5. Qh5 e4 6. Ne2 Nc6 7. Nbc3 Ne7 8. Nf4 Bf5 9. Ncxd5 Nxd5 10. Qxf5 Nxf4 11. Qxf4 Qe7 12. 0-0-0 0-0-0 13. g3 Qe6 14. Kb1 Kb8 15. Bg2 f5 16. Bh3 Rd5 17. c4 Ra5 18. d5 Qb6 19. Qe5 1-0

[Event "Pan American-ch U12 Girls"]
[Site "Guayaquil"]
[Date "2019.07.24"]
[Round "5"]
[White "Quezada Pauker, Katheen Gabriela"]
[Black "Contreras Huaman, Fiorella Daiana"]
[Result "0-1"]
[WhiteElo "1422"]
[BlackElo "1895"]
[PlyCount "120"]
[EventDate "2019.07.21"]
[EventType "swiss"]
[EventRounds "9"]
[EventCountry "ECU"]
[SourceTitle "EXT 2020"]
[Source "ChessBase"]
[SourceDate "2019.10.17"]
[SourceVersion "1"]
[SourceVersionDate "2019.10.17"]
[SourceQuality "1"]

1. d4 Nf6 2. Bg5 Ne4 3. Bf4 d5 4. f3 Nf6 5. e4 dxe4 6. Nc3 exf3 7. Nxf3 e6 8. a3 Bd6 9. Ne5 Bxe5 10. Bxe5 Nc6 11. Bb5 Bd7 12. Bf4 Ne7 13. Qf3 Bxb5 14. Nxb5 Ned5 15. Be5 a6 16. Nc3 Nxc3 17. Qxc3 Qd7 18. 0-0 Nd5 19. Qb3 f6 20. Bg3 0-0 21. c3 Qb5 22. Qa2 Qc6 23. Rae1 Rae8 24. Qb1 Nb6 25. Rf4 Rf7 26. Qd3 Qc4 27. Qxc4 Nxc4 28. d5 Ne5 29. dxe6 Rxe6 30. Rfe4 Rfe7 31. Rd1 Kf7 32. Kf1 Nc6 33. Rxe6 Kxe6 34. Kf2 Ne5 35. b3 c6 36. h3 Kf5 37. Rd4 Ke6 38. Rd1 Rd7 39. Rxd7 Nxd7 40. Ke3 Nc5 41. b4 Nd7 42. Kd4 g5 43. Bc7 f5 44. g3 Nf6 45. c4 Ne4 46. Ke3 Nd6 47. Kd4 b5 48. c5 Ne4 49. Ke3 Kd5 50. Bd8 h6 51. Bc7 Nc3 52. Bd6 Ne4 53. Bc7 Nf6 54. Bd6 Nd7 55. h4 Ne5 56. h5 Nc4+ 57. Kf3 Nxd6 58. cxd6 Kxd6 59. g4 f4 60. Ke4 c5 0-1

[Event "Pan American-ch U12 Girls"]
[Site "Guayaquil"]
[Date "2019.07.24"]
[Round "6"]
[White "Quezada Pauker, Katheen Gabriela"]
[Black "Velea, Sophie"]
[Result "1-0"]
[WhiteElo "1422"]
[BlackElo "1533"]
[PlyCount "74"]
[EventDate "2019.07.21"]
[EventType "swiss"]
[EventRounds "9"]
[EventCountry "ECU"]
[SourceTitle "EXT 2020"]
[Source "ChessBase"]
[SourceDate "2019.10.17"]
[SourceVersion "1"]
[SourceVersionDate "2019.10.17"]
[SourceQuality "1"]

1. d4 d5 2. Bg5 h6 3. Bh4 c6 4. e3 Qb6 5. Qc1 e5 6. c3 e4 7. Nd2 Ne7 8. c4 Nf5 9. Bg3 Nxg3 10. hxg3 Be6 11. Ne2 Nd7 12. Nf4 Nf6 13. Be2 Be7 14. 0-0 0-0 15. Nb1 Qd8 16. Nc3 Bd6 17. b3 Bxf4 18. gxf4 Bg4 19. Qd1 Bxe2 20. Qxe2 Rc8 21. Kh2 Nh7 22. Rh1 f5 23. Kg1 Nf6 24. Rh3 a6 25. Qd1 dxc4 26. bxc4 Qa5 27. Ne2 c5 28. d5 b5 29. Ng3 Nd7 30. d6 Nb6 31. Rh5 g6 32. Rxh6 Rf6 33. Nh5 Re6 34. g4 Nxc4 35. Qd5 Rce8 36. d7 Qd8 37. dxe8Q+ Qxe8 1-0

[Event "Pan American-ch U12 Girls"]
[Site "Guayaquil"]
[Date "2019.07.22"]
[Round "3"]
[White "Quezada Pauker, Katheen Gabriela"]
[Black "Escobar Villota, Domenika Gabriela"]
[Result "1-0"]
[WhiteElo "1422"]
[BlackElo "1280"]
[PlyCount "87"]
[EventDate "2019.07.21"]
[EventType "swiss"]
[EventRounds "9"]
[EventCountry "ECU"]
[SourceTitle "EXT 2020"]
[Source "ChessBase"]
[SourceDate "2019.10.17"]
[SourceVersion "1"]
[SourceVersionDate "2019.10.17"]
[SourceQuality "1"]

1. d4 f5 2. Bg5 Nf6 3. Bxf6 exf6 4. e3 d5 5. g3 Be6 6. Bg2 Nc6 7. Ne2 Qd7 8. 0-0 Bf7 9. Nd2 Bd6 10. b3 0-0 11. c4 dxc4 12. bxc4 Rad8 13. Rb1 b6 14. Qc1 Be7 15. Rd1 Rfe8 16. Qc2 Rf8 17. Bh3 g6 18. d5 Nb4 19. Qb2 Nd3 20. Qc3 Nc5 21. e4 Qe8 22. exf5 Kg7 23. Nd4 g5 24. Re1 a6 25. Nc6 Rd7 26. Re2 Bg8 27. Rbe1 Rf7 28. Bg4 Kh6 29. Qf3 Rg7 30. Qg2 Rf7 31. Bh5 Nd3 32. Bxf7 Bxf7 33. Rxe7 Rxe7 34. Rxe7 Qf8 35. Ne4 Kg7 36. Qf3 Ne5 37. Rxe5 fxe5 38. f6+ Kg8 39. Ne7+ Kh8 40. Nxg5 Bg8 41. f7 Qxe7 42. f8Q Qxf8 43. Qxf8 h6 44. Qf6# 1-0

[Event "ECU-ch U16 Girls"]
[Site "Guayaquil"]
[Date "2019.04.19"]
[Round "5"]
[White "Guerrero Caicedo, Arlette Sabina"]
[Black "Quezada Pauker, Katheen Gabriela"]
[Result "1-0"]
[WhiteElo "1188"]
[BlackElo "1538"]
[PlyCount "57"]
[EventDate "2019.04.17"]
[EventType "swiss"]
[EventRounds "9"]
[EventCountry "ECU"]
[SourceTitle "CBM 190 Extra"]
[Source "ChessBase"]
[SourceDate "2019.07.15"]
[SourceVersion "1"]
[SourceVersionDate "2019.07.15"]
[SourceQuality "1"]

1. e4 c5 2. Nf3 Nc6 3. Bb5 g6 4. 0-0 Bg7 5. c3 Nf6 6. Re1 0-0 7. d4 cxd4 8. cxd4 a6 9. Bxc6 bxc6 10. Nc3 d6 11. h3 Rb8 12. b3 a5 13. Be3 Ba6 14. Qd2 Re8 15. Rac1 Nd7 16. Bh6 Bh8 17. e5 dxe5 18. dxe5 Nc5 19. Qe3 Qb6 20. Red1 Qb4 21. Rd4 Qb7 22. Ne4 Nxe4 23. Rxe4 e6 24. Ra4 Qc7 25. Qc3 Rec8 26. Qxa5 Qxa5 27. Rxa5 Be2 28. Rac5 Bxf3 29. gxf3 1-0

[Event "ECU-ch (Women)"]
[Site "Salinas"]
[Date "2019.03.06"]
[Round "3"]
[White "Romero Echeverria, Abigail"]
[Black "Quezada Pauker, Katheen Gabriela"]
[Result "1-0"]
[WhiteElo "1989"]
[BlackElo "1477"]
[PlyCount "97"]
[EventDate "2019.03.05"]
[EventType "swiss"]
[EventRounds "9"]
[EventCountry "ECU"]
[SourceTitle "EXT 2020"]
[Source "ChessBase"]
[SourceDate "2019.10.17"]
[SourceVersion "1"]
[SourceVersionDate "2019.10.17"]
[SourceQuality "1"]

1. e4 c5 2. Nf3 Nc6 3. c3 Qa5 4. a3 g6 5. d4 cxd4 6. b4 Qd8 7. cxd4 d5 8. e5 Bg7 9. h3 f6 10. Bb5 Nh6 11. 0-0 0-0 12. Bxc6 bxc6 13. Qc2 Qc7 14. Bf4 Nf7 15. Nc3 fxe5 16. Bg3 Bf5 17. Nxd5 Bxc2 18. Nxc7 exd4 19. Ra2 d3 20. Nxa8 Rxa8 21. Rc1 Ba4 22. Ne1 Rd8 23. Rd2 Bb2 24. Rb1 Bc3 25. Rxd3 Rxd3 26. Nxd3 Bc2 27. Rc1 Bxd3 28. Rxc3 Bb5 29. Bb8 a6 30. f3 Nd6 31. Kf2 Kf7 32. Ke3 Ke6 33. Kd4 Nf5+ 34. Kc5 Nd6 35. g4 Kd7 36. Rc2 Ke6 37. a4 Bxa4 38. Re2+ Kf6 39. Bxd6 exd6+ 40. Kxd6 Kg5 41. Ke5 Kh4 42. f4 Bb5 43. Re3 h5 44. f5 hxg4 45. hxg4 gxf5 46. gxf5 Kh5 47. Rg3 Kh6 48. Kf6 Kh7 49. Ke7 1-0

[Event "Wch U10 Girls"]
[Site "Pocos de Caldas"]
[Date "2017.08.31"]
[Round "11"]
[White "Quezada Pauker, Katheen Gabriela"]
[Black "Zhou, Lepu Coco"]
[Result "0-1"]
[WhiteElo "1154"]
[BlackElo "1585"]
[PlyCount "82"]
[EventDate "2017.08.22"]
[EventType "swiss"]
[EventRounds "11"]
[EventCountry "BRA"]
[SourceTitle "CBM 180 Extra"]
[Source "ChessBase"]
[SourceDate "2017.10.06"]
[SourceVersion "1"]
[SourceVersionDate "2017.10.06"]
[SourceQuality "1"]

1. d4 Nf6 2. Bg5 d6 3. Bxf6 exf6 4. e3 Be7 5. g3 0-0 6. Bg2 c5 7. Ne2 Qb6 8. Qc1 Nc6 9. c3 Bd7 10. 0-0 Rfe8 11. Nd2 f5 12. Nf4 Be6 13. d5 g5 14. Ne2 Ne5 15. dxe6 fxe6 16. f4 Ng4 17. Nf3 c4 18. Ned4 gxf4 19. gxf4 e5 20. fxe5 dxe5 21. Nxf5 Bc5 22. Re1 Qf6 23. N3h4 Rad8 24. h3 Nh6 25. Rf1 Nxf5 26. Nxf5 Qg5 27. Kh1 Rf8 28. h4 Qh5 29. Bh3 Rd3 30. Rg1+ Kh8 31. Qe1 Qf3+ 32. Kh2 Bxe3 33. Rg3 Bf4 34. Bg2 Bxg3+ 35. Nxg3 Qf4 36. Be4 Re3 37. Qg1 Rxe4 38. Qg2 Qxh4+ 39. Kg1 Rg4 40. Qh2 Qxg3+ 41. Qxg3 Rxg3+ 0-1

[Event "Wch U10 Girls"]
[Site "Pocos de Caldas"]
[Date "2017.08.28"]
[Round "8"]
[White "Quezada Pauker, Katheen Gabriela"]
[Black "Artieda Berru, Ariadna Amely"]
[Result "1-0"]
[WhiteElo "1154"]
[BlackElo "1454"]
[PlyCount "82"]
[EventDate "2017.08.22"]
[EventType "swiss"]
[EventRounds "11"]
[EventCountry "BRA"]
[SourceTitle "CBM 180 Extra"]
[Source "ChessBase"]
[SourceDate "2017.10.06"]
[SourceVersion "1"]
[SourceVersionDate "2017.10.06"]
[SourceQuality "1"]

1. b3 Nf6 2. Bb2 Nc6 3. Bxf6 exf6 4. d4 d5 5. e3 Bf5 6. g3 Qd7 7. Bg2 Be7 8. Ne2 0-0-0 9. 0-0 h5 10. c4 dxc4 11. bxc4 g5 12. Nbc3 h4 13. Nc1 Bh3 14. Qf3 Rh6 15. Nd5 Bxg2 16. Qxg2 Rdh8 17. Rb1 hxg3 18. fxg3 Qh3 19. Nxe7+ Nxe7 20. Qxb7+ Kd8 21. Rb2 Qe6 22. Qb3 f5 23. Qc3 Qe4 24. Nb3 Rh3 25. Nc5 Qg4 26. d5 f4 27. Rb8+ Nc8 28. Qf6+ Ke8 29. Qc6+ Kd8 30. d6 cxd6 31. Qxd6+ Ke8 32. Ne4 R8h6 33. Nf6+ Rxf6 34. Rxc8+ Qxc8 35. Qxf6 Qxc4 36. Rd1 Qc8 37. exf4 Qc5+ 38. Kg2 Qe7 39. Qxe7+ Kxe7 40. Kxh3 f6 41. fxg5 fxg5 1-0

[Event "Wch U10 Girls"]
[Site "Pocos de Caldas"]
[Date "2017.08.28"]
[Round "7"]
[White "Quezada Pauker, Katheen Gabriela"]
[Black "Sanchez, Belen"]
[Result "1-0"]
[WhiteElo "1154"]
[BlackElo "1446"]
[PlyCount "63"]
[EventDate "2017.08.22"]
[EventType "swiss"]
[EventRounds "11"]
[EventCountry "BRA"]
[SourceTitle "CBM 180 Extra"]
[Source "ChessBase"]
[SourceDate "2017.10.06"]
[SourceVersion "1"]
[SourceVersionDate "2017.10.06"]
[SourceQuality "1"]

1. d4 d5 2. c4 e6 3. Nc3 Be7 4. cxd5 exd5 5. Bf4 Nf6 6. e3 0-0 7. Bd3 c5 8. dxc5 Bxc5 9. Nf3 Nc6 10. 0-0 d4 11. Na4 Bb6 12. exd4 Bxd4 13. Nxd4 Qxd4 14. Be3 Qd8 15. Nc3 Re8 16. Rc1 Bg4 17. Be2 Bxe2 18. Qxe2 Qc7 19. Qf3 Rad8 20. Bg5 Qe7 21. Nd5 Qd6 22. Nxf6+ gxf6 23. Bxf6 Kf8 24. Bxd8 Qxd8 25. Rcd1 Qc7 26. Qf5 Re5 27. Rd7 Rxf5 28. Rxc7 Rb5 29. b3 Nd4 30. Rd1 Rd5 31. Kf1 Nb5 32. Rc8+ 1-0